LEGO Star Wars: The Complete Saga Characters - Statistics

General Stats
  • This quiz has been taken 62 times
    56 since last reset
  • The average score is 82 of 163
Answer Stats
Answer % Correct
Darth Vader
97%
Anakin Skywalker (Boy)
93%
Anakin Skywalker (Ghost)
93%
Anakin Skywalker (Jedi)
93%
Anakin Skywalker (Padawan)
93%
Ben Kenobi
93%
Ben Kenobi (Ghost)
93%
Luke Skywalker (Bespin)
93%
Luke Skywalker (Dagobah)
93%
Luke Skywalker (Endor)
93%
Luke Skywalker (Hoth)
93%
Luke Skywalker (Jedi)
93%
Luke Skywalker (Pilot)
93%
Luke Skywalker (Stormtrooper)
93%
Luke Skywalker (Tatooine)
93%
Obi-Wan Kenobi
93%
Obi-Wan Kenobi (Episode III)
93%
Obi-Wan Kenobi (Jedi Master)
93%
Princess Leia
93%
Princess Leia (Bespin)
86%
Princess Leia (Boushh)
86%
Princess Leia (Endor)
86%
Princess Leia (Hoth)
86%
Princess Leia (Prisoner)
86%
Princess Leia (Slave)
86%
Qui-Gon Jinn
86%
R2-D2
86%
Chewbacca
83%
Han Solo
83%
Han Solo (Carbonate)
83%
Han Solo (Endor)
83%
Han Solo (Hood)
83%
Han Solo (Hoth)
83%
Han Solo (Skiff)
83%
Han Solo (Stormtrooper)
83%
Yoda
83%
Yoda (Ghost)
83%
Boba Fett
79%
Boba Fett (Boy)
79%
Jango Fett
79%
Padme (Geonosis)
79%
The Emperor
76%
C-3PO
72%
Chancellor Palpatine
72%
Darth Maul
72%
Snowtrooper
72%
Count Dooku
69%
Lando Calrissian
69%
Lando Calrissian (Palace Guard)
69%
Beach Trooper
66%
Clone
66%
Clone (Episode III)
66%
Clone (Episode III, Pilot)
66%
Clone (Episode III, Swamp)
66%
Clone (Episode III, Walker)
66%
Death Star Trooper
66%
Disguised Clone
66%
Jar Jar Binks
66%
Mace Windu
66%
Sandtrooper
66%
Stormtrooper
66%
Commander Cody
62%
Droid 1
59%
Droid 2
59%
Droid 3
59%
Droid 4
59%
General Grievous
59%
Kit Fisto
59%
Mace Windu (Episode III)
59%
Queen Amidala
55%
TIE Fighter
52%
TIE Fighter (Darth Vader)
52%
Battle Droid
48%
Battle Droid (Commander)
48%
Battle Droid (Geonosis)
48%
Battle Droid (Security)
48%
Droideka
48%
R4-P17
48%
Rebel Engineer
48%
Rebel Friend
48%
Rebel Pilot
48%
Rebel Trooper
48%
Rebel Trooper (Hoth)
48%
Super Battle Droid
48%
Captain Panaka
45%
X-Wing
45%
4-LOM
41%
Aayla Secura
41%
Greedo
41%
Jawa
41%
Millenium Falcon
41%
Padme
41%
Padme (Battle)
41%
Padme (Clawed)
41%
Plo Koon
41%
Zam Wesell
41%
Admiral Ackbar
38%
Anakin's Speeder
38%
Bossk
38%
Ewok
38%
IG-88
38%
Ki-Adi Mundi
38%
Y-Wing
38%
Anakin's Pod
34%
Boss Nass
34%
Geonosian
34%
Grand Moff Tarkin
34%
Shaak Ti
34%
Taun We
34%
TC-14
34%
TIE Bomber
34%
Captain Antilles
31%
Gonk Droid
31%
Indiana Jones
31%
Lama Su
31%
Naboo Starfighter
31%
Pit Droid
31%
Sebulba's Pod
31%
Tusken Raider
31%
Wicket
31%
Captain Tarpals
28%
Dengar
28%
Jedi Starfighter (Red)
28%
Jedi Starfighter (Yellow)
28%
Lobot
28%
Luminara
28%
Skiff Guard
28%
Bib Fortuna
24%
Gamorrean Guard
24%
Grievous' Bodyguard
24%
Imperial Officer
24%
R2-Q5
24%
Republic Gunship
24%
Imperial Guard
21%
TIE Fighter Pilot
21%
Watto
21%
Bespin Guard
17%
Mouse Droid
17%
Palace Guard
17%
PK Droid
17%
Royal Guard
17%
Scout Trooper
17%
Snowspeeder
17%
TIE Interceptor
17%
Ugnaught
17%
Vulture Droid
17%
Dexter Jettster
14%
Imperial Spy
14%
Slave 1
14%
Buzz Droid
10%
Droid Trifighter
10%
Imperial Engineer
10%
Skeleton
10%
Training Remote
10%
Womp Rat
10%
Wookiee
10%
AT-AT Driver
7%
Clone Arcfighter
7%
Imperial Shuttle
7%
Imperial Shuttle Pilot
7%
Rancor (Vehicle)
7%
Wampa (Vehicle)
7%
Zam's Airspeeder
7%
No matching quizzes found
Score Distribution
Percent of People with Each Score
Percentile by Number Answered
Your Score History
You have not taken this quiz since the last reset